Electronic imaging technology / (Record no. 175571)
[ view plain ]
| 000 -LEADER | |
|---|---|
| fixed length control field | 00988 a2200193 4500 |
| 003 - CONTROL NUMBER IDENTIFIER | |
| control field | Nust |
| 005 - DATE AND TIME OF LATEST TRANSACTION | |
| control field | 20170207152506.0 |
| 010 ## - LIBRARY OF CONGRESS CONTROL NUMBER | |
| LC control number | 98053084 |
| 020 ## - INTERNATIONAL STANDARD BOOK NUMBER | |
| International Standard Book Number | 0819430374 (softcover) |
| 040 ## - CATALOGING SOURCE | |
| Transcribing agency | Nust |
| 082 00 - DEWEY DECIMAL CLASSIFICATION NUMBER | |
| Classification number | 621.367 |
| 245 00 - TITLE STATEMENT | |
| Title | Electronic imaging technology / |
| Statement of responsibility, etc. | Edward R. Dougherty, editor. |
| 260 ## - PUBLICATION, DISTRIBUTION, ETC. | |
| Place of publication, distribution, etc. | Bellingham, Wash. : |
| Name of publisher, distributor, etc. | SPIE Optical Engineering Press, |
| Date of publication, distribution, etc. | c1999. |
| 300 ## - PHYSICAL DESCRIPTION | |
| Extent | xv, 432 p. : |
| Other physical details | ill. (some col.) ; |
| Dimensions | 26 cm. |
| 505 ## - FORMATTED CONTENTS NOTE | |
| Formatted contents note | Introduction Page 1, Video Compression Standards Page 31, Multimedia Systems Page 65, Vision And Visualization Page 83, Color Image Processing Page 121, Enhancement Of Digital Documents Page 167.Digital Half toning For Printing And Display Of Electronic Images Page 225, Document Recognition Page 289, Lexicon-Driven Handwritten Word Recognition Page 317Scanning Page 349, Hardware Architecture For Image Processing Page 387. |
| 538 ## - SYSTEM DETAILS NOTE | |
| System details note | Almirah No.24 and Shelf No.3 |
| 650 #0 - SUBJECT ADDED ENTRY--TOPICAL TERM | |
| Topical term or geographic name entry element | Telecommunication Engineering. |
| 700 1# - ADDED ENTRY--PERSONAL NAME | |
| Personal name | Dougherty, Edward R. |
| 942 ## - ADDED ENTRY ELEMENTS (KOHA) | |
| Koha item type | Reference |
| Withdrawn status | Lost status | Source of classification or shelving scheme | Damaged status | Not for loan | Collection code | Permanent Location | Current Location | Date acquired | Total Checkouts | Full call number | Barcode | Date last seen | Price effective from | Koha item type |
|---|---|---|---|---|---|---|---|---|---|---|---|---|---|---|
| Military College of Signals (MCS) | Military College of Signals (MCS) | 12/12/2016 | 621.367 ELE | MCS30925 | 12/08/2016 | 12/12/2016 | Book |
